Public policy and failure to deal with all issues (Record no. 76811)

MARC details
000 -LEADER
fixed length control field 01323cab a2200193 4500
001 - CONTROL NUMBER
control field ##L133114
008 - FIXED-LENGTH DATA ELEMENTS--GENERAL INFORMATION
fixed length control field 060411n2006 000 0 eng u
035 ## - SYSTEM CONTROL NUMBER
System control number (Sirsi) u133114
041 0# - LANGUAGE CODE
Language code of text/sound track or separate title eng
245 00 - TITLE STATEMENT
Title Public policy and failure to deal with all issues
260 ## - PUBLICATION, DISTRIBUTION, ETC.
Date of publication, distribution, etc. 2006
490 #0 - SERIES STATEMENT
Series statement Arbitration Law Monthly
Volume/sequential designation 6(4) April 2006, 6-7(2)
520 ## - SUMMARY, ETC.
Summary, etc. In "Protech Projects Construction (Pty) Ltd v Al-Kharafi and Sons" ([2005] EWHC 2165 (Comm), unreported), two challenges were raised under the Arbitration Act 1996 s68 to a series of awards arising out of a construction dispute. The first challenge was an assertion that the successful party had withheld material facts at the arbitration, amounting to a serious irregularity; the second challenge was on the award of costs. Both challenges were dismissed. The court emphasised that serious prejudice had to be shown for a claim under s68 to be successful, and reiterated that it would not allow that section to be used to challenge an award on its merits on what was in reality an error of law.
590 ## - LOCAL NOTE (RLIN)
Local note IKA110406
650 24 - SUBJECT ADDED ENTRY--TOPICAL TERM
Topical term or geographic name entry element PROTECH PROJECTS CONSTRUCTION (PTY) LTD V AL-KHARAFI AND SONS
650 24 - SUBJECT ADDED ENTRY--TOPICAL TERM
Topical term or geographic name entry element ARBITRATION ACT 1996
690 ## - LOCAL SUBJECT ADDED ENTRY--TOPICAL TERM (OCLC, RLIN)
Topical term or geographic name as entry element MANAGEMENT-DISPUTE AVOIDANCE, MANAGEMENT AND RESOLUTION-DISPUTE MANAGEMENT AND RESOLUTION-ARBITRATION
942 ## - ADDED ENTRY ELEMENTS (KOHA)
Suppress in OPAC 0
Holdings
Withdrawn status Lost status Source of classification or shelving scheme Damaged status Not for loan Home library Current library Shelving location Date acquired Total Checkouts Full call number Barcode Date last seen Copy number Price effective from Koha item type
    Dewey Decimal Classification     London London Journal article 11/04/2006   L133114 133114-1001 06/08/2019 1 06/08/2019 Journal article